000 01278nam a2200217Ia 4500
999 _c36452
_d36452
001 2367
003 GE_BSU
005 20190531143824.0
008 181216s2011||||ge |||||||||||||| ||geo||
040 _cGE_BSU
041 _ageo
080 _a338.48(063) ტ–92
245 _aტურიზმი. ეკონომოკა და ბიზნესი:
_bII საერთაშორისო სამეცნიერო–პრაქტიკული კონფერენცია. ბათუმი 4–5 ივნისი /
_cშოთა რუსთაველის სახ. უნ–ტი ტურიზმის ფაკ–ტი. აჭარის ა.რ. ტურიზმის და კურორტების დეპარტამენტი.
264 _aბათუმი,
_b2011.
300 _a758 გვ.;
_b29 სმ.
653 _aტურიზმი
653 _aეკონომიკა
653 _aბიზნესი
710 _aშოთა რუსთაველის სახ. უნ–ტი
_bტურიზმის ფაკ–ტი. აჭარის არ ტურიზმის და კურორტების დეპარტამენტი.
_91904
942 _cBK
_2udc